00187 a2200061 4500650001700000999001700017952009100034 aGéographie c35586d35586 00104070aBUACbBUACd2009-02-28l0o911 BRA r2009-02-28 00:00:00w2009-02-28yLIVR